| 000 | 00642cam a22001935a 4500 | ||
|---|---|---|---|
| 001 | L141142 | ||
| 008 | 071030s1819 xxk eng u | ||
| 035 | _a(Sirsi) u141142 | ||
| 041 | 0 | _aeng | |
| 110 | 2 |
_aUnited Kingdom _bParliament _bHouse of Commons _92119 |
|
| 245 | 0 | 2 |
_aA bill to prevent fraud upon the revenue and injury to trade by unfair and mock auctions _b10 June 1819 |
| 260 |
_aLondon _bHouse of Commons _c1819 |
||
| 300 |
_a8 p. _c35 cm. |
||
| 340 | _aPrinted | ||
| 351 | _cSingle item | ||
| 651 | 4 |
_aUnited Kingdom _y |
|
| 690 | _aPROPERTY-PROPERTY ACQUISITION AND DISPOSAL-ACQUISITION AND DISPOSAL AT AUCTION | ||
| 942 | _n0 | ||
| 999 |
_c116619 _d116619 |
||